| 000 | 00397 a2200157 4500 | ||
|---|---|---|---|
| 020 | _a9789698906191 | ||
| 082 | _a535.842 | ||
| 090 |
_c6540 _d6540 |
||
| 100 | _aKhan,Ashfaque Ahmed | ||
| 245 |
_aFourier Transform. _cAshfaque Ahmed Khan |
||
| 250 | _a1st. | ||
| 260 |
_aKarachi. _bFederal Urdu University . _c2007. |
||
| 300 | _a172p. | ||
| 500 | _aPaper cover | ||
| 942 |
_aNBS _cBK _k535.842 KHA |
||
| 999 |
_c348899 _d348899 |
||